书目信息 |
| 题名: |
古埃及艺术简史
|
|
| 作者: | 斯特拉德威克 总编辑 ;刘雪婷 , 谭琪 译 | |
| 分册: | ||
| 出版信息: | 上海 上海科学技术文献出版社 2021.1 |
|
| 页数: | 234页 | |
| 开本: | 24cm | |
| 丛书名: | 图像里的古埃及 | |
| 单 册: | ||
| 中图分类: | J141.109.2 | |
| 科图分类: | ||
| 主题词: | 艺术史--埃及--古代--通俗读物 | |
| 电子资源: | ||
| ISBN: | 978-7-5439-8233-8 | |
| 000 | 00884nam2 2200277 45 | |
| 001 | 012001001798 | |
| 005 | 20141011143946.0 | |
| 010 | @a978-7-5439-8233-8@dCNY68.00 | |
| 100 | @a20210309d2021 em y0chiy50 ea | |
| 101 | 1 | @achi@ceng |
| 102 | @aCN@b310000 | |
| 105 | @aa z 000yy | |
| 106 | @ar | |
| 200 | 1 | @a古埃及艺术简史@Agu ai ji yi shu jian shi@b专著@f(英)海伦·斯特拉德威克总编辑@g刘雪婷, 谭琪等译 |
| 210 | @a上海@c上海科学技术文献出版社@d2021.1 | |
| 215 | @a234页@c图@d24cm | |
| 225 | 2 | @a图像里的古埃及 |
| 410 | 0 | @12001 @a图像里的古埃及 |
| 461 | 0 | @12001 @a图像里的古埃及 |
| 606 | 0 | @a艺术史@y埃及@z古代@j通俗读物 |
| 690 | @aJ141.109.2@v5 | |
| 701 | 1 | @c(英)@a斯特拉德威克@Asi te la de wei ke@b海伦@4总编辑 |
| 702 | 0 | @a刘雪婷@Aliu xue ting@4译 |
| 702 | 0 | @a谭琪@Atan qi@4译 |
| 801 | 2 | @aCN@b江苏凤凰@c20211018 |
| 905 | @b1345759-62@dJ141.109.2@e179@f4 | |
| 古埃及艺术简史/(英)海伦·斯特拉德威克总编辑/刘雪婷, 谭琪等译.-上海:上海科学技术文献出版社,2021.1 |
| 234页:图;24cm.-(图像里的古埃及) |
| ISBN 978-7-5439-8233-8:CNY68.00 |
| ● |
| 相关链接 |
|
|
|
|
正题名:古埃及艺术简史
索取号:J141.109.2/179
 
预约/预借
| 序号 | 登录号 | 条形码 | 馆藏地/架位号 | 状态 | 备注 |
| 1 | 1345759 | 213457597 | 第一样本阅览室/ [索取号:J141.109.2/179] | 在馆 | |
| 2 | 1345760 | 213457604 | 第一借阅区/ [索取号:J141.109.2/179] | 在馆 | |
| 3 | 1345761 | 213457613 | 第一借阅区/ [索取号:J141.109.2/179] | 在馆 | |
| 4 | 1345762 | 213457622 | 第一借阅区/ [索取号:J141.109.2/179] | 在馆 |